Catálogo
 En Linea
Vista normal Vista MARC

Entrada Nombre corporativo

Número de registros utilizados en: 1

001 - NÚMERO DE CONTROL

  • campo de control: 86920

003 - IDENTIFICADOR DEL NÚMERO DE CONTROL

  • campo de control: DO-SdBNP

005 - FECHA Y HORA DE LA ÚLTIMA TRANSACCIÓN

  • campo de control: 20250127133326.0

008 - DATOS DE LONGITUD FIJA

  • campo de control de longitud fija: 250127|| aca||aabn | a|a d

040 ## - FUENTE DE LA CATALOGACIÓN

  • Centro catalogador/agencia de origen: DO-SdBNP

110 ## - ENCABEZAMIENTO-NOMBRE DE ENTIDAD CORPORATIVA

  • Nombre de entidad corporativa o nombre de jurisdicción como elemento de entrada: Sociedad Dominicana de Geología (SODOGEO)

370 ## - LUGAR ASOCIADO

  • País asociado: Santo Domingo, República Dominicana

678 ## - DATOS BIOGRÁFICOS O HISTÓRICOS

  • Datos biográficos o históricos: SODOGEO Es una sociedad sin fines de lucro, establecida en 1975 e incorporada en 1999, que está integrada por más de 100 Geólogos, Ingenieros de minas, Metalurgistas y profesionales … La Sociedad Dominicana de Geología ha sido desde sus inicios un organismo que aglutina la mayoría de los profesionales de las Ciencias de la Tierra en la Republica Dominicana, además es el único organismo que difunde las geociencias con la publicación y organización de eventos como charlas, excursiones de campo, conferencias nacionales e internacionales sobre las investigaciones geo científicas y mineras en todo el caribe y Republica Dominicana.

Con tecnología Koha